|
|
|
|
| LEADER |
00000cas a2200000 a 4500 |
| 001 |
vtls010560935 |
| 003 |
SK-MaSNL |
| 005 |
20260228155925.0 |
| 008 |
131127d20132016xo tr|p 001 a0eng |
| 022 |
|
|
|a 1339-4045
|
| 040 |
|
|
|a SVKPO
|b slo
|c SVKPO
|d SNK
|e AACR2
|
| 041 |
0 |
|
|a eng
|
| 044 |
|
|
|a xo
|c SK
|
| 072 |
|
7 |
|a 81
|x Lingvistika. Jazyky
|2 konspekt
|
| 072 |
|
7 |
|a 811.1/.8
|x Rôzne jazyky
|2 konspekt
|
| 080 |
|
|
|a 81`24
|2 2011
|
| 080 |
|
|
|a 050
|2 2011
|
| 080 |
|
|
|a 811.1/.9
|2 2011
|
| 080 |
|
|
|a 81'24(051)
|2 2011
|
| 210 |
0 |
|
|a J. lang. cult. educ.
|b (Tlačené vyd.)
|
| 222 |
|
0 |
|a Journal of language and cultural education
|
| 245 |
0 |
0 |
|a Journal of language and cultural education
|
| 246 |
|
|
|a JoLaCE
|
| 260 |
|
|
|a Nitra
|b SlovakEdu
|c 2013-2016
|
| 300 |
|
|
|a 4 zv.
|c 21 cm
|
| 310 |
|
|
|a 3x ročne
|
| 362 |
0 |
|
|a Vol. 1, no. 1 (Sept. 2013)-vol. 4, no. 2 (May 2016)
|
| 500 |
|
|
|a Vo vydávaní elektronickej verzie časopisu stále pokračujú
|
| 500 |
|
|
|a Šéfredaktorka: 2013-2016, Silvia Pokrivčáková
|
| 500 |
|
|
|a Evidenčné č.: EV5207/15
|
| 530 |
|
|
|a Online vydanie: Journal of language and cultural education (Online) = ISSN 1339-4584
|
| 650 |
0 |
7 |
|a štúdium jazykov
|2 SNKPH
|9 3983
|
| 650 |
0 |
7 |
|a vyučovanie jazykov
|2 SNKPH
|9 31418
|
| 650 |
0 |
7 |
|a cudzie jazyky
|2 SNKPH
|9 69722
|
| 655 |
|
7 |
|a časopisy na podporu vyučovania jazykov
|2 SNKPH
|9 50311
|
| 700 |
1 |
|
|a Pokrivčáková, Silvia,
|d 1971-
|4 pbd
|9 213834
|
| 856 |
4 |
1 |
|u www.jolace.com
|
| 910 |
|
|
|a snk
|
| 916 |
|
|
|a 2013-2016
|
| 958 |
|
|
|a OND
|
| 999 |
|
|
|c 898
|d 898
|
| 952 |
|
|
|0 0
|1 0
|4 0
|7 0
|8 0
|a SNK
|b SNK
|d 2017-12-05
|f 1
|i snk2017/26891
|l 0
|o snkČSC 3771/1/2013
|p 17A1266209
|r 2026-02-21 22:18:36
|t no. 1
|w 2026-02-21
|y PREZ
|
| 952 |
|
|
|0 0
|1 0
|4 0
|7 0
|8 0
|a SNK
|b SNK
|d 2017-12-05
|f 1
|i snk2017/26897
|l 0
|o snkČSC 3771/2/2014
|p 17A1266210
|r 2026-02-21 22:18:36
|t no. 1-3
|w 2026-02-21
|y PREZ
|
| 952 |
|
|
|0 0
|1 0
|4 0
|7 0
|8 0
|a SNK
|b SNK
|d 2017-12-05
|f 1
|i snk2017/26898
|l 0
|o snkČSC 3771/3/2015
|p 17A1266211
|r 2026-02-21 22:18:37
|t no. 1-3
|w 2026-02-21
|y PREZ
|
| 952 |
|
|
|0 0
|1 0
|4 0
|7 0
|8 0
|a SNK
|b SNK
|d 2017-12-05
|f 1
|i snk2017/26899
|l 0
|o snkČSC 3771/4/2016
|p 17A1266212
|r 2026-02-21 22:18:37
|t no. 1-3
|w 2026-02-21
|y PREZ
|
| 952 |
|
|
|0 0
|1 0
|4 0
|7 0
|8 0
|a SNK
|b SNK
|d 2017-12-05
|i snk2017/26900
|l 0
|o snkČSC 3771/1/2013 D1
|p 17A1266213
|r 2026-02-21 22:18:37
|t no. 1
|w 2026-02-21
|y PREZ
|
| 952 |
|
|
|0 0
|1 0
|4 0
|7 0
|8 0
|a SNK
|b SNK
|d 2017-12-05
|i snk2017/26901
|l 0
|o snkČSC 3771/2/2014 D1
|p 17A1266214
|r 2026-02-21 22:18:37
|t no. 1-3
|w 2026-02-21
|y PREZ
|
| 952 |
|
|
|0 0
|1 0
|4 0
|7 0
|8 0
|a SNK
|b SNK
|d 2017-12-05
|i snk2017/26902
|l 0
|o snkČSC 3771/3/2015 D1
|p 17A1266215
|r 2026-02-21 22:18:37
|t no. 1-3
|w 2026-02-21
|y PREZ
|
| 952 |
|
|
|0 0
|1 0
|4 0
|7 0
|8 0
|a SNK
|b SNK
|d 2017-12-05
|i snk2017/26903
|l 0
|o snkČSC 3771/4/2016 D1
|p 17A1266216
|r 2026-02-21 22:18:37
|t no. 1-3
|w 2026-02-21
|y PREZ
|